| 000 | 01666nmc a2200457 a 4500 | ||
|---|---|---|---|
| 003 | AR-BaBNM | ||
| 005 | 20251128211828.0 | ||
| 008 | 026120s2003 ||||||||||||||000 | spa|| | ||
| 020 | _a987-1105-36-3 | ||
| 040 | _cAR-BaBNM | ||
| 245 | 1 | 0 |
_aEntre la confrontación y el diálogo _bintegración regional y diplomacia ciudadana |
| 250 | _a1ª ed. | ||
| 260 |
_aBuenos Aires _bSiglo XXI Editores _bUniversidad de Belgrano _c2003 |
||
| 300 | 0 | _a245 p. | |
| 490 | 0 | _aEstudios globales y regionales | |
| 500 | 1 | _aLa obra reúne las ponencias más representativas del seminario 'Integración hemisférica y diplomacia ciudadana : entre la confrontación y el diálogo', realizado en la sede de la Facultad de Estudios para Graduados de la Universidad de Belgrano de Buenos Aires | |
| 610 | 2 | 4 | _aALCA |
| 650 | 4 | _aDIPLOMACIA | |
| 650 | 4 | _aINTEGRACION ECONOMICA | |
| 650 | 4 | _aINTEGRACION POLITICA | |
| 650 | 4 | _aINTEGRACION REGIONAL | |
| 650 | 4 | _aNEGOCIACIONES DIPLOMATICAS | |
| 650 | 4 | _aRELACIONES COMERCIALES | |
| 650 | 4 | _aRELACIONES ECONOMICAS | |
| 650 | 4 | _aREGIONALIZACION | |
| 651 | 4 | _aCaribe | |
| 653 | 0 | _aMERCOSUR | |
| 700 | 1 |
_aSerbin, Andrés _ecompilador |
|
| 700 | 1 | _aBlanco, Juan Antonio | |
| 700 | 1 | _aJácome, Francine | |
| 700 | 1 | _aBizzozero, Lincoln | |
| 700 | 1 | _aKorzeniewicz, Roberto P. | |
| 700 | 1 | _aSmith, William C. | |
| 700 | 1 | _aBotto, Mercedes | |
| 700 | 1 | _aTussie, Diana | |
| 700 | 1 | _aZambra, Fabiola | |
| 700 | 1 | _aRojas Aravena, Francisco | |
| 711 | 2 |
_aIntegración hemisférica y diplomacia ciudadana : entre la confrontación y el diálogo _d2002 _cBuenos Aires, Argentina |
|
| 942 | _cBK | ||
| 998 | _cNancy | ||
| 999 |
_c21289 _d21289 |
||